• 首页
  • 本馆介绍
  • 公告通知
  • 最新文献
  • 馆藏检索
  • 电子资源
  • 读者导购
  • 参考咨询
  • 我的图书馆
  • 登录
  • 详细信息显示
  • 放入我的书架
  • 预约/预借图书
  • 作者相关作品
  • 分类相关作品
  • 丛书相关作品
  • 出版社相关作品

书目信息

  • 表格格式
  • 工作单格式
  • 卡片格式
题名:
鞋带
    
 
作者: 斯塔尔诺内 著 ;陈英 译
分册:  
出版信息: 上海   上海译文出版社有限公司  2020.10
页数: 153页
开本: 21cm
丛书名:
单 册:
中图分类: I546.45
科图分类:
主题词: 中篇小说--意大利--现代
电子资源:
ISBN: 978-7-5327-8324-3
000 01115nam0 2200265 450
001 0102100408
005 20210402100818.0
010    @a978-7-5327-8324-3@dCNY45.00
100    @a20200622d2020 em y0chiy50 ea
101 1  @achi@cita
102    @aCN@b310000
105    @ay z 000ay
106    @ar
200 1  @a鞋带@Axie dai@f(意)多梅尼科·斯塔尔诺内著@g陈英译
210    @a上海@c上海译文出版社有限公司@d2020.10
215    @a153页@d21cm
300    @a多梅尼科·斯塔尔诺内作品系列群岛图书获意大利外交与国际合作部经费支持
330    @a本书讲述了:一个炎热的夏季,人到暮年的阿尔多和婉妲从海边度假回到家,发现家里被翻了个底朝天,连爱猫都不见了。每个家庭都隐藏着一些过去的秘密,阿尔多的秘密是他年轻时曾经抛妻弃子,与一个叫莉迪娅的女人同居。经历紧张、摩擦和平淡生活的重压,婚姻维持下来,但裂痕早已存在。作品揭示了婚姻家庭生活的错综复杂。
510 1  @aLacci@zita
606 0  @a中篇小说@y意大利@z现代
690    @aI546.45@v5
701  0 @c(意)@a斯塔尔诺内@Asi ta er nuo nei@c(Starnone, Domenico@f1943-)@4著
702  0 @a陈英@Achen ying@4译
801  0 @aCN@bBJSZM@c20210402
905    @b1273900-4@dI546.45@e112@f5
    
    鞋带/(意)多梅尼科·斯塔尔诺内著/陈英译.-上海:上海译文出版社有限公司,2020.10
    153页;21cm
    多梅尼科·斯塔尔诺内作品系列群岛图书获意大利外交与国际合作部经费支持
    
    ISBN 978-7-5327-8324-3:CNY45.00
    本书讲述了:一个炎热的夏季,人到暮年的阿尔多和婉妲从海边度假回到家,发现家里被翻了个底朝天,连爱猫都不见了。每个家庭都隐藏着一些过去的秘密,阿尔多的秘密是他年轻时曾经抛妻弃子,与一个叫莉迪娅的女人同居。经历紧张、摩擦和平淡生活的重压,婚姻维持下来,但裂痕早已存在。作品揭示了婚姻家庭生活的错综复杂。
●
相关链接 在E读中查询图书 在五车中查询图书 在当当中查询图书 在豆瓣中查询图书


正题名:鞋带     索取号:I546.45/112         预约/预借

序号 登录号 条形码 馆藏地/架位号 状态 备注
1 1273900   212739009   第一样本阅览室/ [索取号:I546.45/112] 在馆    
2 1273901   212739018   教育系资料室/ [索取号:I546.45/112] 在馆    
3 1273902   212739027   教育系资料室/ [索取号:I546.45/112] 在馆    
4 1273903   212739036   第二借阅区/ [索取号:I546.45/112] 在馆    
5 1273904   212739045   第二借阅区/ [索取号:I546.45/112] 在馆    
唐山师范学院图书馆 欢迎您!
大连网信软件有限公司© 版权所有